| 000 | 01379nam a22003857a 4500 | ||
|---|---|---|---|
| 001 | BRCA_9400 | ||
| 003 | FranzMayer | ||
| 005 | 20230918125141.0 | ||
| 008 | 230904b |||||||| |||| 00| 0 eng d | ||
| 040 |
_aMFM _bSPAÑOL _cMFM |
||
| 050 | 0 |
_aN6757.5.A78 _bM87 2009 |
|
| 110 | 1 |
_4Responsable _aMusée d'Orsay _929537 |
|
| 240 |
_aArt Nouveau _het Industrie de luxe a Paris _lFrancés y japones |
||
| 245 | 0 |
_aArt Nouveau _bet Industrie de luxe a Paris |
|
| 260 |
_aTokyo, Japón _bMusée d'orsay _c2009 |
||
| 300 |
_a231 p _bIlustraciones a color _c25 cm |
||
| 500 | _aAnexo 1 | ||
| 505 | _aTexto en: japones y francésDirigido a: historiadores de arte | ||
| 650 | 1 |
_2Artes visuales _aHistoria _vEuropa _929538 |
|
| 651 | 2 |
_2Artes del siglo XX _aArt nouveau _929539 |
|
| 700 | 1 |
_4Autor _aThiébaut, Philippe _929540 |
|
| 700 | 1 |
_4Autor _aBadetz, Yves _929541 |
|
| 700 | 1 |
_4Autor _aMassé, Marie-Madeleine _929542 |
|
| 700 | 1 |
_4Autor _aEndo, Nozomi _929543 |
|
| 700 | 1 |
_4Autor _aFukumitsu, Yoko _929544 |
|
| 700 | 1 |
_4Autor _aMiyamoto, Makiko _929545 |
|
| 700 | 1 |
_4Autor _aAsakura, Mie _929546 |
|
| 700 | 1 |
_4Trad _aKoizumi, Masaya _929547 |
|
| 700 | 1 |
_4Trad _aKondo, Gaku _929548 |
|
| 700 | 1 |
_4Trad _aNakajima, Megumi _929549 |
|
| 700 | 1 |
_4Trad _aOgawa, Camille _929550 |
|
| 700 | 1 |
_4Trad _aYasunaga, Marie _929551 |
|
| 700 | 1 |
_4Trad _aYoneda, Naoki _929552 |
|
| 942 |
_2lcc _cB |
||
| 999 |
_c11022 _d11022 |
||